| 000 | 01168nam a2200349Ia 4500 | ||
|---|---|---|---|
| 003 | OSt | ||
| 005 | 20221007124729.0 | ||
| 006 | a|||||r|||| 00| 0 | ||
| 007 | ta | ||
| 008 | 221006b |||||||| |||| 00| 0 eng d | ||
| 020 | _a9788131723258 (pbk) | ||
| 024 | _a194326 | ||
| 037 |
_b898, 12/10/2015, Dhanraj Book House _cTextual |
||
| 040 |
_aCDL _cCDL _beng |
||
| 041 |
_2eng _aeng |
||
| 082 | _aE:34, M9;P9-;1 Carc | ||
| 100 | _aMendham J | ||
| 245 | 0 |
_aVogel's textbook of quantitative chemical analysis _b Denney R C Barnes J D Thomas M Sivasankar B |
|
| 250 | _a6 | ||
| 260 |
_aNew _bDelhi Pearson _c2009 |
||
| 300 |
_axxix, 790p. ill. _ccm. |
||
| 500 | _aAppendix 747-769p.; Index 770-790p.; Reprint 2013. | ||
| 650 | _a Gas chromatography | ||
| 650 |
_a Separation techniques _9720225 |
||
| 650 |
_aChemical analysis _9712706 |
||
| 700 | _a Barnes J D | ||
| 700 | _a Denney R C | ||
| 700 | _a Sivasankar B | ||
| 700 |
_a Thomas M _9579341 |
||
| 942 |
_hE:34, M9;P9-;1 Carc _cTEXL _2CC |
||
| 999 |
_c1213997 _d1213997 |
||